[Event "4th Rohde Open"]
[Site "Sautron FRA"]
[Date "2004.10.29"]
[Round "7"]
[White "Gouliev,N"]
[Black "Maiorov,N"]
[Result "1/2-1/2"]
[WhiteElo "2509"]
[BlackElo "2452"]

1.e4 e5 2.Nf3 Nc6 3.Bb5 a6 4.Ba4 Nf6 5.O-O Be7 6.Re1 b5 7.Bb3 d6 8.c3 O-O
9.h3 Nb8 10.d4 Nbd7 11.Nbd2 Bb7 12.Bc2 Re8 13.Nf1 Bf8 14.Ng3 g6 15.a4 Bg7
16.d5 Qb8 17.b3 c6 18.c4 bxc4 19.bxc4 a5 20.Be3 Qc7 21.Nh2 Ba6 22.Bd3 Nc5
23.Bxc5 dxc5 24.Ng4 Rab8 25.Rb1 Rb4 26.Qc2 Bc8 27.Nxf6+ Bxf6 28.dxc6 Qxc6
29.Ne2 Qxa4 30.Qxa4 Rxa4 31.Nc3 Ra3 32.Nd5 Kg7 33.Bc2 Be6 34.Ra1 Rxa1 35.Rxa1 Bxd5
36.exd5 Ra8 37.Ba4 Rb8 38.Bb5 Bd8 39.d6 Kf6 40.Rd1 Ke6 41.d7 Rb6 42.f4 Rd6
43.Re1 f6 44.fxe5 fxe5 45.Kf2 Rd4 46.g3 e4 47.h4 Bc7 48.g4 h6 49.Ke2 Bd8
50.Rf1 Bxh4 51.Rf8 Bg5 52.Re8+ Kf7 53.Bc6 Rd6 54.Bd5+ Kg7 55.Rg8+ Kh7 56.Ra8 Rxd7
57.Rxa5 e3 58.Rxc5 Ra7 59.Kf3 Ra2 60.Rc7+ Kh8 61.Rc8+ Kg7 62.Re8 Rf2+ 63.Ke4 Rd2
64.Rg8+ Kh7 65.Re8 Rd1 66.Kf3 Kg7 67.Re6 Rd2 68.Re8 Rf2+ 69.Ke4  1/2-1/2

[Event "XXI WJun Women"]
[Site "Kochin IND"]
[Date "2004.11.25"]
[Round "9"]
[White "Gutsko,A"]
[Black "Ramya,K"]
[Result "1-0"]
[WhiteElo "2272"]
[BlackElo "2096"]

1.e4 e5 2.Nf3 Nc6 3.Bb5 a6 4.Ba4 Nf6 5.O-O Be7 6.Re1 b5 7.Bb3 d6 8.c3 O-O
9.h3 Nb8 10.d4 Nbd7 11.Nbd2 Bb7 12.Bc2 Re8 13.Nf1 Bf8 14.Ng3 g6 15.b3 Bg7
16.d5 Rc8 17.a4 c6 18.dxc6 Rxc6 19.axb5 axb5 20.Qd3 Nc5 21.Qxb5 Rb6 22.Qc4 Bc6
23.Ra7 Re7 24.Rxe7 Qxe7 25.b4 Bb5 26.Qa2 Ra6 27.Qb1 Na4 28.Bxa4 Rxa4 29.Qb3 Qc7
30.Be3 Ra6 31.Nd2 Rc6 32.Rc1 h5 33.c4 Nd7 34.Ne2 Qc8 35.Rc3 Ba6 36.b5 Rc7
37.bxa6 Qxa6 38.Qa3 Qc6 39.Rb3 Kh7 40.Nc3 Rc8 41.Nb5  1-0

[Event "XXI WJun Women"]
[Site "Kochin IND"]
[Date "2004.11.27"]
[Round "11"]
[White "Hodova,L"]
[Black "Ramya,K"]
[Result "0-1"]
[WhiteElo "2118"]
[BlackElo "2096"]

1.e4 e5 2.Nf3 Nc6 3.Bb5 a6 4.Ba4 Nf6 5.O-O Be7 6.Re1 b5 7.Bb3 d6 8.c3 O-O
9.h3 Nb8 10.d4 Nbd7 11.Nbd2 Bb7 12.a4 c5 13.d5 c4 14.Bc2 Nc5 15.Nf1 Re8 16.Ng3 g6
17.Be3 Nfd7 18.Nh2 Nb6 19.axb5 axb5 20.Rxa8 Qxa8 21.Ng4 Rf8 22.Bh6 Rd8 23.Ne3 Bc8
24.Qf3 f6 25.h4 Qa2 26.h5 Qxb2 27.hxg6 hxg6 28.Ngf5 Qxc3 29.Nxe7+ Kf7 30.Rb1 b4
31.Qg3 Kxe7 32.Qxg6 Re8 33.Qg7+ Kd8 34.Qxf6+ Kc7 35.Qf7+ Bd7 36.Bf8 b3 37.Bd1 Qd3
38.Ra1 b2 39.Ra7+ Nb7 40.Bxd6+ Kxd6 41.Rxb7 b1=Q 42.Rxd7+ Nxd7 43.Qxe8 Qxe4
44.Qe6+ Kc7 45.d6+ Kc6 46.Kh2 Qh7+ 47.Kg1 Qhd3 48.Kh2 Qxd6 49.Qxc4+ Nc5  0-1

[Event "Master Open"]
[Site "Singapore SIN"]
[Date "2004.12.12"]
[Round "2"]
[White "Visweswaran,K"]
[Black "Irwanto,S"]
[Result "1-0"]
[WhiteElo "2297"]
[BlackElo "2413"]

1.e4 e5 2.Nf3 Nc6 3.Bb5 a6 4.Ba4 Nf6 5.O-O Be7 6.Re1 b5 7.Bb3 d6 8.c3 O-O
9.h3 Nb8 10.d4 Nbd7 11.Nbd2 Bb7 12.Bc2 Re8 13.Nf1 Bf8 14.Ng3 g6 15.b3 Bg7
16.d5 Nb6 17.Rb1 c5 18.a4 bxa4 19.bxa4 Bc8 20.Nd2 a5 21.Bd3 Bd7 22.Bb5 Qc7
23.c4 Reb8 24.Bxd7 Qxd7 25.Rb5 Ne8 26.Qb3 Qa7 27.Qc2 Nc7 28.Rb1 Na6 29.Rb5 Nb4
30.Qb3 Qc7 31.Nf3 Rf8 32.Bd2 Nc8 33.Bxb4 axb4 34.Ra1 Na7 35.Nd2 Bh6 36.Ngf1 Rfc8
37.Rc1 Nxb5 38.cxb5 Ra5 39.Rc2 Rca8 40.Ra2 Bxd2 41.Nxd2 Qa7 42.Nc4 Rxb5 43.Nxd6 Ra5
44.Qg3 Qa6 45.Qxe5 Rxa4 46.Ne8 f6 47.Nxf6+ Qxf6 48.Qxf6 Rxa2 49.Qe6+ Kg7
50.Qe7+ Kh6 51.Qxc5 Rb8 52.Qc7 Raa8 53.g4 Rc8 54.Qe7 b3 55.f4  1-0

[Event "XXX Open"]
[Site "Seville ESP"]
[Date "2005.01.13"]
[Round "7"]
[White "Spraggett,K"]
[Black "Bellia,F"]
[Result "1-0"]
[WhiteElo "2589"]
[BlackElo "2407"]

1.e4 e5 2.Nf3 Nc6 3.Bb5 a6 4.Ba4 Nf6 5.O-O Be7 6.Re1 b5 7.Bb3 d6 8.c3 O-O
9.h3 Nb8 10.d4 Nbd7 11.Nbd2 Bb7 12.Bc2 Re8 13.Nf1 d5 14.Nxe5 Nxe5 15.dxe5 Nxe4
16.f3 Nc5 17.Be3 a5 18.Nh2 Bf8 19.Bf2 b4 20.Qd2 Nd7 21.Bg3 bxc3 22.bxc3 Nc5
23.Rad1 Bc6 24.Bb1 Ba4 25.Rc1 Bb5 26.Kh1 Be7 27.Bf2 Ne6 28.Qc2 Nf8 29.f4 Qd7
30.Re3 c5 31.Rg3 d4 32.c4 Ba4 33.Qd3 f6 34.Ng4 fxe5 35.Nxe5 Qd6 36.Qf3 Bd7
37.Be4 Ra6 38.Re1 Bf6 39.Bd5+ Be6 40.Ng4 Bxd5 41.Nxf6+ Qxf6 42.Qxd5+ Ne6
43.f5 Qf7 44.Rf3 Nc7 45.Rxe8+ Nxe8 46.Qxc5 Ra7 47.Qxd4 Rd7 48.Qf4 Rc7 49.Re3 Nf6
50.Re6  1-0

[Event "FINEC WGM"]
[Site "St Petersburg RUS"]
[Date "2005.01.28"]
[Round "2"]
[White "Korbut,E"]
[Black "Kostiuk,T"]
[Result "1/2-1/2"]
[WhiteElo "2417"]
[BlackElo "2307"]

1.e4 e5 2.Nf3 Nc6 3.Bb5 a6 4.Ba4 Nf6 5.O-O Be7 6.Re1 b5 7.Bb3 d6 8.c3 O-O
9.h3 Nb8 10.d4 Nbd7 11.Nbd2 Bb7 12.Bc2 c5 13.Nf1 Rc8 14.Ng3 g6 15.Bh6 Re8
16.Qd2 Kh8 17.Ng5 Kg8 18.f4 Bf8 19.Bxf8 Nxf8 20.fxe5 dxe5 21.d5 Re7 22.a4 Ne8
23.axb5 axb5 24.c4 f6 25.Nf3 Nd6 26.cxb5 Nxb5 27.Qa5 Qxa5 28.Rxa5 Nd6 29.Nd2 c4
30.Ba4 c3 31.bxc3 Rxc3 32.Ne2 Rd3 33.Rd1 Ra3 34.Kf1 Rc7 35.Rb1 Ra2 36.Rb6 Nc8
37.d6 Rxa4 38.Rxb7 Rxb7 39.Rxa4 Nxd6 40.Ra6 Rd7 41.Nc3 Kf7 42.Nf3 Ne6 43.Nd2 Nc5
44.Rc6 Ne6 45.Ra6 Ne8 46.Nd5 Nc5 47.Ra5 Ne6 48.Nc4 Nd6 49.Nxd6+ Rxd6 50.Ra7+ Kf8
51.Nxf6 Ng5 52.Nxh7+ Nxh7 53.Rxh7 Rd4 54.Rh4 Rd2 55.Rg4 Kf7 56.Rg3 Ra2 57.Rf3+ Ke6
58.Rf2 Ra1+ 59.Ke2 Ra2+ 60.Kf3 Ra4 61.Re2 Kf6 62.Kg4 Rb4 63.h4 Ra4 64.g3 Rb4
65.Re3 Ra4 66.Kf3 Rd4 67.g4 Rd1 68.g5+ Ke6 69.Kg2 Rd2+ 70.Kg3 Ke7 71.Rf3 Rd6
72.h5 gxh5 73.Rf5 Rd1 74.Rxe5+ Kf7 75.Rf5+ Kg6 76.Kf4 Rf1+ 77.Ke5 Rg1 78.Rf8 Rxg5+
79.Kf4 Ra5 80.Rg8+ Kf6 81.Rb8 Ke6 82.Rb6+ Ke7 83.e5 Ra1  1/2-1/2

[Event "It"]
[Site "Chernigov UKR"]
[Date "2005.01.31"]
[Round "12"]
[White "Savinov,Vi"]
[Black "Sushchev,A"]
[Result "1-0"]
[WhiteElo "2482"]
[BlackElo "2320"]

1.e4 e5 2.Nf3 Nc6 3.Bb5 a6 4.Ba4 Nf6 5.O-O Be7 6.Re1 b5 7.Bb3 O-O 8.h3 d6
9.c3 Nb8 10.d4 Nbd7 11.Nbd2 Bb7 12.Bc2 Re8 13.Nf1 Bf8 14.Ng3 g6 15.a4 c5
16.d5 c4 17.Be3 Qc7 18.Nh2 Nc5 19.axb5 axb5 20.Rxa8 Rxa8 21.Qf3 Bg7 22.Bg5 Nfd7
23.Ng4 Ra2 24.Rb1 Na4 25.Bxa4 bxa4 26.Nh6+ Bxh6 27.Bxh6 Qb6 28.Qg4 Bc8 29.Qg5 f6
30.Qg4 f5 31.Qh4 Kf7 32.Be3 Nc5 33.Qxh7+ Kf6 34.Qh8+ Kf7 35.Qxc8 Rxb2 36.Rxb2 Qxb2
37.Qc7+ Ke8 38.Bxc5 Qb1+ 39.Kh2 f4 40.Nf5  1-0

[Event "ch-POL u-20"]
[Site "Sroda Wlkp. POL"]
[Date "2005.02.03"]
[Round "4"]
[White "Ejsmont,K"]
[Black "Warakomski,T"]
[Result "1/2-1/2"]
[WhiteElo "2356"]
[BlackElo "2397"]

1.e4 e5 2.Nf3 Nc6 3.Bb5 a6 4.Ba4 Nf6 5.O-O Be7 6.Re1 b5 7.Bb3 d6 8.c3 O-O
9.h3 Nb8 10.d4 Nbd7 11.Nbd2 Bb7 12.Bc2 Re8 13.Nf1 Bf8 14.Ng3 g6 15.b3 Bg7
16.d5 Nb6 17.Qe2 c6  1/2-1/2

[Event "Aeroflot Open B"]
[Site "Moscow RUS"]
[Date "2005.02.21"]
[Round "7"]
[White "Shomoev,A"]
[Black "Yurtaev,L"]
[Result "1/2-1/2"]
[WhiteElo "2490"]
[BlackElo "2511"]

1.e4 e5 2.Nf3 Nc6 3.Bb5 a6 4.Ba4 Nf6 5.O-O Be7 6.Re1 b5 7.Bb3 d6 8.c3 O-O
9.h3 Nb8 10.d4 Nbd7 11.Nbd2 Bb7 12.Bc2 Re8 13.Nf1 Bf8 14.Ng3 g6 15.b3 d5
16.Bg5 h6 17.Bh4 g5 18.Nxg5 hxg5 19.Bxg5 exd4 20.cxd4 dxe4 21.Nxe4 Bg7 22.Qf3 Bxe4
23.Bxe4 Rb8 24.Bc6 Re6 25.d5 Re5 26.Bf4 Nh7 27.Qg3 Qe7 28.Kf1 Rd8 29.Bxd7 Rxe1+
30.Rxe1 Qxd7 31.Bh6 f6 32.Rc1 Rc8 33.d6 Ng5 34.Bxg7 cxd6 35.Rxc8+ Qxc8 36.Kg1 Kxg7
37.h4 Qc5 38.hxg5 fxg5 39.Kh2 Kf6  1/2-1/2

[Event "Acropolis GM Open"]
[Site "Athens GRE"]
[Date "2005.03.09"]
[Round "4"]
[White "Markidis,K"]
[Black "Moutousis,K"]
[Result "1/2-1/2"]
[WhiteElo "2318"]
[BlackElo "2422"]

1.e4 e5 2.Nf3 Nc6 3.Bb5 a6 4.Ba4 Nf6 5.O-O Be7 6.Re1 b5 7.Bb3 O-O 8.h3 d6
9.c3 Nb8 10.d4 Nbd7 11.Nbd2 Bb7 12.Bc2 Re8 13.Nf1 Bf8 14.Ng3 g6 15.b3 c6
16.Bg5 Qc7 17.Qd2 Bg7 18.Rac1 Qd8 19.Bh6 Bxh6 20.Qxh6 Qe7 21.b4 Qf8 22.Qd2 Rad8
23.Rcd1 c5 24.d5 Nb6 25.a4 cxb4 26.cxb4 Nxa4 27.Bxa4 bxa4 28.Qa2 Rc8 29.Nd2 Rc7
30.Nc4 Rec8 31.Na5 h5 32.Qxa4 h4 33.Nf1 Nh5 34.Rb1 Ba8 35.Nb3 Nf4 36.Qxa6 Qe7
37.Ne3 Qg5 38.Kh2 Rc2 39.Rbc1 Kg7 40.Qf1 R2c3 41.Rxc3 Rxc3 42.Nd2 Nd3 43.Ra1 Bb7
44.Kg1 Bc8 45.Qe2 Nf4 46.Qf1 Bxh3 47.Nf3 Qh5 48.Nh2 Ne2+ 49.Kh1 Bd7 50.Qe1 Bb5
51.Qd2 Rd3 52.Qe1 Rd4 53.Ra5 Bd3 54.Nf3 Rxe4 55.Qd2 Nf4 56.Ra7 Be2 57.Qc2 h3
58.Rxf7+ Kxf7 59.Qc7+ Kg8 60.Qd8+ Kh7  1/2-1/2

[Event "ch-BLR"]
[Site "Minsk BLR"]
[Date "2005.03.13"]
[Round "10"]
[White "Kovalev,An"]
[Black "Maiorov,N"]
[Result "0-1"]
[WhiteElo "2565"]
[BlackElo "2457"]

1.e4 e5 2.Nf3 Nc6 3.Bb5 a6 4.Ba4 Nf6 5.O-O Be7 6.Re1 b5 7.Bb3 d6 8.c3 O-O
9.h3 Nb8 10.d4 Nbd7 11.Nbd2 Bb7 12.Bc2 Re8 13.Nf1 Bf8 14.Ng3 g6 15.Bg5 h6
16.Bd2 c6 17.Qc1 Kh7 18.h4 c5 19.h5 Bg7 20.hxg6+ fxg6 21.Qd1 Ng8 22.Be3 Qe7
23.a4 Nb6 24.dxc5 dxc5 25.b4 Nd7 26.axb5 axb5 27.Rxa8 Rxa8 28.bxc5 Nxc5 29.Qb1 Bc6
30.Qb4 Nd7 31.Bb3 Qxb4 32.cxb4 Ngf6 33.Rc1 Ra6 34.Bf7 Bf8 35.Nh4 g5 36.Bg6+ Kg7
37.Ngf5+ Kh8 38.Nf3 Bxe4 39.Nd2 Bc6 40.Rb1 Nd5 41.Bf7 Ne7 42.Ng3 Nd5 43.Bxd5 Bxd5
44.Nde4 Nf6 45.Nxf6 Rxf6 46.Rd1 Bc6 47.Rd8 Kh7 48.Nh5 Rf7 49.Bc5 Bxc5 50.bxc5 b4
51.Rd6 Rc7 52.Nf6+ Kg7 53.Ng4 b3 54.Rd2 Be4 55.c6 Rxc6 56.Rd7+ Kf8 57.Rd8+ Ke7
58.Rb8 Bd5 59.Nxe5 Rc7 60.Nd3 Rb7 61.Rh8 Rb6 62.f3 Bf7 63.Nb2 Ra6 64.Rb8 Ra2
65.Nd3 Rd2 66.Rb7+ Kf6 67.Nc5 Bd5 68.Rb6+ Kg7 69.Rxb3 Bxb3 70.Nxb3 Rb2 71.Nc5 Kf6
72.Kh2 Re2 73.Kg3 h5 74.Ne4+ Kg6 75.Nc3 Rc2 76.Ne4 h4+ 77.Kh2 Kf5 78.Nd6+ Kf4
79.Kh3 Rc1 80.Kh2 h3 81.Ne4 hxg2 82.Kxg2 g4 83.Nf2 gxf3+ 84.Kh2 Rc2 85.Kg1 Ke3
86.Ng4+ Ke2  0-1

[Event "ch-BLR"]
[Site "Minsk BLR"]
[Date "2005.03.14"]
[Round "11"]
[White "Zhigalko,A"]
[Black "Kovalev,An"]
[Result "1/2-1/2"]
[WhiteElo "2532"]
[BlackElo "2565"]

1.e4 e5 2.Nf3 Nc6 3.Bb5 a6 4.Ba4 Nf6 5.O-O Be7 6.Re1 b5 7.Bb3 d6 8.c3 O-O
9.h3 Nb8 10.d4 Nbd7 11.Nbd2 Bb7 12.Bc2 Re8 13.Nf1 Bf8 14.Ng3 g6 15.b3 Bg7
16.d5 Qe7 17.c4 bxc4 18.bxc4 Nc5 19.Be3 Nfd7  1/2-1/2

[Event "ch-BLR"]
[Site "Minsk BLR"]
[Date "2005.03.15"]
[Round "12"]
[White "Fedorov,Alex"]
[Black "Maiorov,N"]
[Result "1-0"]
[WhiteElo "2603"]
[BlackElo "2457"]

1.e4 e5 2.Nf3 Nc6 3.Bb5 a6 4.Ba4 Nf6 5.O-O Be7 6.Re1 b5 7.Bb3 d6 8.c3 O-O
9.h3 Nb8 10.d4 Nbd7 11.Nbd2 Bb7 12.Bc2 Re8 13.Nf1 Bf8 14.Ng3 g6 15.b3 c6
16.Bg5 Bg7 17.Qd2 Qc7 18.a4 Rac8 19.Bd3 Nf8 20.Rec1 Ne6 21.Be3 Nd7 22.Bf1 Rcd8
23.b4 Qb8 24.axb5 axb5 25.Ra5 Nf6 26.dxe5 dxe5 27.Qc2 Nd7 28.c4 bxc4 29.Bxc4 Qc7
30.Qa2 Ndf8 31.b5 c5 32.Nd2 Ra8 33.Ra1 Rxa5 34.Qxa5 Ra8 35.Qc3 Rxa1+ 36.Qxa1 Qb6
37.Qa2 Kh8 38.Ne2 f5 39.f3 Nd4 40.Nc3 Nd7 41.Bf1 Qd8 42.Qf7 Bc8 43.Nc4 Qf6
44.Qd5 Bf8 45.Qa8  1-0

[Event "7th Rector Cup w"]
[Site "Kharkiv UKR"]
[Date "2005.04.25"]
[Round "6"]
[White "Vozovic,O"]
[Black "Kostiuk,T"]
[Result "0-1"]
[WhiteElo "2288"]
[BlackElo "2313"]

1.e4 e5 2.Nf3 Nc6 3.Bb5 a6 4.Ba4 Nf6 5.O-O Be7 6.Re1 b5 7.Bb3 d6 8.c3 O-O
9.h3 Nb8 10.d4 Nbd7 11.Nbd2 Bb7 12.Bc2 Re8 13.Nf1 Bf8 14.Ng3 g6 15.b3 d5
16.exd5 Nxd5 17.Bg5 Nxc3 18.Qd2 f6 19.Qxc3 fxg5 20.Nxe5 Bg7 21.Be4 Bxe4 22.Rxe4 Nxe5
23.dxe5 Re6 24.a4 c6 25.axb5 axb5 26.Rxa8 Qxa8 27.b4 Qe8 28.Qb3 Kh8 29.Qe3 h6
30.Qd3 Rxe5 31.Rxe5 Bxe5 32.Ne4 Kg7 33.Nc5 Qe7 34.Qe4 Qd6 35.g3 Qd1+ 36.Kh2 Qd5
37.Qe3 Kf7 38.Qa3 Bf6 39.Qa7+ Be7 40.Qc7 Qd6 41.Qc8 Qf6 42.Kg2 Bxc5 43.bxc5 Qe6
44.Qc7+ Kf6 45.Qd8+ Ke5 46.f4+ gxf4 47.gxf4+ Ke4 48.Qd6 Qd5 49.Kg3 g5 50.Qg6+ Ke3
51.f5 Qf3+ 52.Kh2 Kf2  0-1

[Event "62nd ch-POL"]
[Site "Poznan POL"]
[Date "2005.05.03"]
[Round "12"]
[White "Czarnota,P"]
[Black "Warakomski,T"]
[Result "1-0"]
[WhiteElo "2478"]
[BlackElo "2384"]

1.e4 e5 2.Nf3 Nc6 3.Bb5 a6 4.Ba4 Nf6 5.O-O Be7 6.Re1 b5 7.Bb3 d6 8.c3 O-O
9.h3 Nb8 10.d4 Nbd7 11.Nbd2 Bb7 12.Bc2 Re8 13.Nf1 Bf8 14.Ng3 g6 15.b3 Bg7
16.d5 Qe7 17.Bg5 c6 18.c4 h6 19.Be3 Kh7 20.Bd3 Nc5 21.Bxc5 dxc5 22.Rc1 Nd7
23.a4 cxd5 24.cxd5 c4 25.Bf1 Bf8 26.bxc4 b4 27.Nd2 Nc5 28.Nb3 Qc7 29.Nxc5 Bxc5
30.Qb3 a5 31.Rc2 Rf8 32.Ne2 f5 33.Nc1 fxe4 34.Rxe4 Qd6 35.g4 Qb6 36.Nd3 Rf3
37.Bg2 Bxf2+ 38.Kf1 Rxd3 39.Qxd3 Rf8 40.Bf3 Bd4 41.Qb3 Qd6 42.Kg2 Bb6 43.Qb2 Qf6
44.Qb3 Qd6 45.Rc1 Ba6 46.Qb2 Re8 47.Rf1 Qc5 48.h4 b3 49.Qxb3 Ba7 50.Qb2 Qe7
51.Rfe1 Qxh4 52.Rxe5 Bb8 53.Re7+ Rxe7 54.Rxe7+ Qxe7 55.Qxb8 Bxc4 56.d6 Qd7
57.Qc7 Be6 58.Kg3 Kg7 59.Bc6 Qxc7 60.dxc7 Bc8 61.g5 hxg5 62.Bf3 Kf6 63.Bg4  1-0

[Event "ch-FRA National 1"]
[Site "Lille FRA"]
[Date "2005.05.05"]
[Round "8"]
[White "Froeyman,H"]
[Black "Kozakov,M"]
[Result "0-1"]
[WhiteElo "2334"]
[BlackElo "2482"]

1.e4 e5 2.Nf3 Nc6 3.Bb5 a6 4.Ba4 Nf6 5.O-O Be7 6.Re1 b5 7.Bb3 d6 8.c3 O-O
9.h3 Nb8 10.d4 Nbd7 11.Nbd2 Bb7 12.Bc2 Re8 13.Nf1 Bf8 14.Ng3 g6 15.a4 Bg7
16.d5 Qe7 17.b3 c6 18.c4 bxc4 19.bxc4 a5 20.Be3 Rec8 21.Nd2 Ba6 22.Rb1 Qd8
23.Rb2 cxd5 24.cxd5 Nc5 25.Qa1 Nfd7 26.Qa3 Qf8 27.Reb1 h5 28.Nb3 h4 29.Nxc5 Nxc5
30.Nf1 f5 31.Nd2 Rc7 32.Bxc5 Rxc5 33.Bd3 Bxd3 34.Qxd3 Rac8 35.Rb7 Bh6 36.Nf3 Rc1+
37.Ne1 R1c4 38.exf5 Qxf5 39.Qa3 Rf8 40.Qa2 Rxa4 41.Qe2 e4 42.Nc2 Ra2 43.R7b2 Rxb2
44.Rxb2 Qxd5 45.Ne3 Bxe3 46.Qxe3 Kg7 47.Qc3+ Qe5 48.Qc7+ Rf7 49.Qb6 Qc5 50.Qb3 a4
51.Qd1 e3 52.fxe3 Qxe3+ 53.Kh1 Rc7 54.Rb1 Qe4 55.Qf1 Rf7 56.Qg1 a3 57.Re1 Qb4
58.Ra1 Qb2 59.Rb1 Qf2 60.Qc1 a2 61.Ra1 Rb7 62.Qc3+ Kh7 63.Qd3 Qb2  0-1

[Event "ch-UKR sf"]
[Site "Alushta UKR"]
[Date "2005.05.22"]
[Round "7"]
[White "Onischuk,V"]
[Black "Tarlev,K"]
[Result "1/2-1/2"]
[WhiteElo "2353"]
[BlackElo "2384"]

1.e4 e5 2.Nf3 Nc6 3.Bb5 a6 4.Ba4 Nf6 5.O-O Be7 6.Re1 b5 7.Bb3 O-O 8.h3 d6
9.c3 Nb8 10.d4 Nbd7 11.Nbd2 Bb7 12.Bc2 Re8 13.Nf1 Bf8 14.Ng3 g6 15.a4 c6
16.Bg5 h6 17.Be3 Qc7 18.Qc1 Kh7 19.dxe5 dxe5 20.Nh2 Nb6 21.b3 bxa4 22.Bxb6 Qxb6
23.Rxa4 Bc8 24.Nhf1 Be6 25.Qe3 Reb8 26.Qe2 Nd7 27.Nd2 a5 28.Rb1 Nc5 29.Raa1 Qc7
30.Ngf1 Rb5 31.b4 Nd7 32.Nb3 a4 33.Nbd2 a3 34.Nc4 a2 35.Rb2 c5 36.Nce3 Rbb8
37.b5 c4 38.Rbxa2 Rxa2 39.Rxa2 Rxb5 40.Nd2 Ra5 41.Rxa5  1/2-1/2

[Event "III Summer"]
[Site "Alushta UKR"]
[Date "2005.06.27"]
[Round "11"]
[White "Belikov,V"]
[Black "Kovalev,An"]
[Result "1/2-1/2"]
[WhiteElo "2517"]
[BlackElo "2567"]

1.e4 e5 2.Nf3 Nc6 3.Bb5 a6 4.Ba4 Nf6 5.O-O Be7 6.Re1 b5 7.Bb3 d6 8.c3 O-O
9.h3 Nb8 10.d4 Nbd7 11.Nbd2 Bb7 12.Bc2 Re8 13.Nf1 Bf8 14.Ng3 g6 15.a4 Bg7
16.Bd3 c6 17.Bg5 Nf8 18.Qd2 Ne6 19.Be3 Nd7 20.Bf1 Qc7 21.Red1  1/2-1/2

[Event "20th North Sea Cup"]
[Site "Esbjerg DEN"]
[Date "2005.07.03"]
[Round "3"]
[White "Vasquez,R"]
[Black "Lindfeldt,J"]
[Result "1/2-1/2"]
[WhiteElo "2558"]
[BlackElo "2293"]

1.e4 e5 2.Nf3 Nc6 3.Bb5 a6 4.Ba4 Nf6 5.O-O Be7 6.Re1 b5 7.Bb3 d6 8.c3 O-O
9.h3 Nb8 10.d3 Nbd7 11.Nbd2 Bb7 12.Nf1 Nh5 13.Ne3 Nc5 14.Bc2 Nf4 15.Nf5 Nce6
16.d4 Bf6 17.Kh2 Ng6 18.Be3 exd4 19.cxd4 c5 20.Qd2 cxd4 21.N5xd4 d5 22.Nxe6 fxe6
23.Bd4 Bxd4 24.Nxd4 dxe4 25.Bxe4 Bxe4 26.Rxe4 e5 27.Nf3 Qxd2 28.Nxd2 Rxf2
29.Nf3 Rxb2 30.a4 b4 31.a5 Rb8 32.Nxe5 Re8 33.Rae1 Nxe5 34.Rxe5 Rxe5 35.Rxe5 Ra2
36.Re8+ Kf7 37.Rb8 Rxa5 38.Rxb4 Ra3 39.Rb6 a5 40.Ra6 a4 41.h4 h5 42.Ra5 Kg6
43.Rg5+ Kh6 44.Ra5 Ra1 45.Ra6+ g6 46.Ra7  1/2-1/2

[Event "4th Open"]
[Site "La Fere FRA"]
[Date "2005.07.04"]
[Round "3"]
[White "Muller,A"]
[Black "Platel,A"]
[Result "1/2-1/2"]
[WhiteElo "2169"]
[BlackElo "2164"]

1.e4 e5 2.Nf3 Nc6 3.Bb5 a6 4.Ba4 Nf6 5.O-O b5 6.Bb3 Be7 7.Re1 d6 8.c3 O-O
9.h3 Nb8 10.d4 Nbd7 11.Nbd2 Bb7 12.Bc2 Re8 13.Nf1 Bf8 14.Ng3 g6 15.a4 Bg7
16.Bd3 c6 17.Bg5 h6 18.Be3 Kh7 19.Qd2 Qc7 20.b3 Nb6 21.Ra2 Nfd7 22.a5 Nc8
23.dxe5 dxe5 24.c4 Nd6 25.c5 Nc8 26.Nh2 Ne7 27.Rf1 Ng8 28.Kh1 Qd8 29.b4 Qe7
30.f4 exf4 31.Bxf4 Ne5 32.Bb1 Rad8 33.Qf2 Rf8 34.Nf3 Nc4 35.Re2 Bc8 36.e5 Be6
37.Ne4 Bd5 38.Nd6 Qe6 39.Qh4 Bxf3 40.Rxf3 Nxd6 41.cxd6 Rxd6 42.exd6 Qxe2
43.Bd3 Qd1+ 44.Kh2 Bd4 45.Bf1 g5 46.Bxg5 Be5+ 47.Kh1 Qxd6 48.Bd3+ f5 49.Bd2 Kg7
50.Qf2 Qd4 51.Qf1 Qa1 52.Qxa1 Bxa1 53.Bxf5 Be5 54.Be3 Ne7 55.Be4 Rxf3 56.Bxf3 Nd5
57.Bxd5 cxd5 58.Kg1 h5 59.Kf2 Kf6 60.Ke2 Bd6  1/2-1/2

[Event "Summer Open"]
[Site "Alushta UKR"]
[Date "2005.07.07"]
[Round "6"]
[White "Voicu,C"]
[Black "Tjurin,A"]
[Result "1-0"]
[WhiteElo "2263"]
[BlackElo "2341"]

1.e4 e5 2.Nf3 Nc6 3.Bb5 a6 4.Ba4 Nf6 5.O-O Be7 6.Re1 b5 7.Bb3 d6 8.c3 O-O
9.h3 Nb8 10.d4 Nbd7 11.Nbd2 Bb7 12.Bc2 Re8 13.Nf1 Bf8 14.Ng3 g6 15.a4 c6
16.Bg5 h6 17.Bd2 Bg7 18.Qc1 Kh7 19.axb5 axb5 20.Rxa8 Qxa8 21.Nh4 exd4 22.cxd4 c5
23.d5 Nb6 24.Nhf5 Nc4 25.Bxh6 Bh8 26.b3 Na3 27.Bf8 Ng8 28.Qf4 Qd8 29.Nxd6 Rxf8
30.Nxf7 Nxc2 31.Ng5+ Qxg5 32.Qxg5 Nxe1 33.Qh4+ Kg7 34.f4 Nd3 35.f5 Ne5 36.Qf4 Kf7
37.fxg6+ Ke8 38.Nf5 Kd7 39.Qh4 Nxg6 40.Qh7+ N8e7 41.d6 Bd4+ 42.Nxd4 cxd4
43.dxe7 Nxe7 44.Qg7 Rf4 45.Qxd4+ Ke6 46.Qc5 Bc6 47.e5 Rf5 48.Qd6+ Kf7 49.g4 Rf3
50.g5 Rg3+ 51.Kf2 Rg2+ 52.Kf1 Rg3 53.e6+ Kf8 54.Qxg3  1-0

[Event "34th TCh-GRE"]
[Site "Ermioni Argolidas GRE"]
[Date "2005.07.08"]
[Round "6"]
[White "Navara,D"]
[Black "Socko,B"]
[Result "0-1"]
[WhiteElo "2663"]
[BlackElo "2615"]

1.e4 e5 2.Nf3 Nc6 3.Bb5 a6 4.Ba4 Nf6 5.O-O Be7 6.Re1 b5 7.Bb3 d6 8.c3 O-O
9.h3 Nb8 10.d4 Nbd7 11.Nbd2 Bb7 12.Bc2 Re8 13.Nf1 Bf8 14.Ng3 g6 15.b3 d5
16.Bg5 h6 17.Bh4 g5 18.Nxg5 hxg5 19.Bxg5 exd4 20.e5 Rxe5 21.Rxe5 Nxe5 22.Qxd4 Qd6
23.Re1 Ne4 24.Bf4 Re8 25.Re3 Qe6 26.Nxe4 dxe4 27.Bxe4 Bxe4 28.Qxe4 Bg7 29.c4 bxc4
30.bxc4 Nxc4 31.Qxe6 fxe6 32.Rg3 Re7 33.Bh6 Kf8 34.Bxg7+ Rxg7 35.Rc3 Nb6
36.Ra3 c5 37.Rxa6 Rb7 38.a4 c4 39.a5 Nd5 40.Rxe6 c3 41.Rc6 Rc7  0-1

[Event "2nd S Wales Int"]
[Site "Caerleon WLS"]
[Date "2005.07.10"]
[Round "3"]
[White "Wallace,P"]
[Black "Ziatdinov,R"]
[Result "1/2-1/2"]
[WhiteElo "2200"]
[BlackElo "2450"]

1.e4 e5 2.Nf3 Nc6 3.Bb5 a6 4.Ba4 Nf6 5.O-O Be7 6.Re1 b5 7.Bb3 d6 8.c3 O-O
9.h3 Nb8 10.d4 Nbd7 11.Nbd2 Bb7 12.Bc2 Re8 13.Nf1 Bf8 14.Ng3 g6 15.b3 c6
16.Bb2 Qc7 17.a4 Rad8 18.Qb1 Bg7 19.Bd3 Nf8 20.axb5 axb5 21.c4 bxc4 22.dxe5 dxe5
23.Bxc4 h6 24.Bc3 N6d7 25.Ba5 Nb6 26.Qc2 Ra8 27.b4 Rab8 28.Rec1 Ne6 29.Bxe6 Rxe6
30.Ne2 Ba6 31.Nc3 Qe7 32.Bxb6 Rxb6 33.Na4 Rxb4 34.Nc5 Rc4 35.Nxe6 Rxc2 36.Rxc2 Bd3
37.Rc3 Bxe4 38.Nxg7 Kxg7 39.Re3 Bxf3 40.Rxf3 Qc5 41.Raa3 e4 42.Rfc3 Qb4 43.Rab3 Qd4
44.Rc1 h5 45.Rbc3 f5 46.Rc4 Qd2 47.R4c2 Qf4 48.Rxc6 e3 49.fxe3 Qxe3+ 50.Kh1 Kh6
51.R6c3 Qd2 52.R3c2 Qg5 53.Rf1 Qg3 54.Rcf2 Qe3 55.Rf3 Qe5 56.Kg1 Kg5 57.Kh1 f4
58.Rxf4 Qxf4 59.Rxf4 Kxf4 60.Kh2 g5 61.Kg1 Kg3 62.Kh1 Kf2 63.Kh2 g4 64.hxg4 hxg4
65.Kh1 g3  1/2-1/2

[Event "Open A"]
[Site "Klatovy CZE"]
[Date "2005.07.10"]
[Round "9"]
[White "Lacina,A"]
[Black "Trmal,J"]
[Result "1/2-1/2"]
[WhiteElo "2244"]
[BlackElo "2293"]

1.e4 e5 2.Nf3 Nc6 3.Bb5 a6 4.Ba4 Nf6 5.O-O Be7 6.Re1 b5 7.Bb3 d6 8.c3 O-O
9.h3 Nb8 10.d4 Nbd7 11.Nbd2 Bb7 12.Bc2 Re8 13.Nf1 Bf8 14.Ng3 g6 15.a4 Bg7
16.Qd3 Rb8 17.b4 exd4 18.cxd4 c5 19.axb5 axb5 20.Bb2 c4 21.Qd2 Ra8 22.Qf4 Qc7
23.Bc3 Rxa1 24.Rxa1 Nf8 25.Ra5 Qd7 26.Qh4 h6  1/2-1/2

[Event "DMP 1st League"]
[Site "Koszalin POL"]
[Date "2005.07.13"]
[Round "11"]
[White "Pigula,M"]
[Black "Adamowicz,K"]
[Result "1-0"]
[WhiteElo "2010"]
[BlackElo "1885"]

1.e4 e5 2.Nf3 Nc6 3.Bb5 a6 4.Ba4 Nf6 5.O-O Be7 6.Re1 b5 7.Bb3 d6 8.c3 O-O
9.h3 Nb8 10.d4 Nbd7 11.Nbd2 Bb7 12.Bc2 Re8 13.Nf1 Bf8 14.Ng3 g6 15.a4 c5
16.d5 c4 17.Be3 Nc5 18.Qd2 Rb8 19.Bg5 Bg7 20.axb5 axb5 21.Nh2 h5 22.Re3 Ra8
23.Rxa8 Qxa8 24.Bxf6 Bxf6 25.Rf3 Bg7 26.Qg5 Qd8 27.Qd2 Bc8 28.Qd1 Qg5 29.Re3 Bb7
30.Nf3 Qe7 31.Ne1 Qg5 32.Nf3 Qe7 33.Re1 Ra8 34.Nd2 Qc7 35.Qb1 Qa5 36.Ngf1 Ba6
37.Ne3 Bh6 38.Kh2 Bf4+ 39.g3 Bh6 40.Kg2 Bxe3 41.Rxe3 b4 42.g4 b3 43.Bd1 hxg4
44.hxg4 Kg7 45.Be2 Qa2 46.Qc1 Qa4 47.Rh3 Rh8 48.Rxh8 Kxh8 49.Qf1 Nd3 50.Bxd3 cxd3
51.Qd1 Bc4 52.Kg3 g5 53.Qf3 Kg7 54.Qf5 f6 55.Qe6 Qa5 56.Qe7+ Kg6 57.Qf8 Bb5
58.Qg8+ Kh6 59.Qf7 Qa1 60.Qxf6+ Kh7 61.Nf3 Be8 62.Qe7+ Kh6 63.Qxg5+ Kh7 64.Qe7+  1-0

[Event "inAUTOmarket Open"]
[Site "Minsk BLR"]
[Date "2005.07.18"]
[Round "9"]
[White "Tarlev,K"]
[Black "Kravtsiv,M"]
[Result "1/2-1/2"]
[WhiteElo "2409"]
[BlackElo "2317"]

1.e4 e5 2.Nf3 Nc6 3.Bb5 a6 4.Ba4 Nf6 5.O-O Be7 6.Re1 b5 7.Bb3 d6 8.c3 O-O
9.h3 Nb8 10.d4 Nbd7 11.Nbd2 Bb7 12.Bc2 Re8 13.Nf1 Bf8 14.Ng3 g6 15.Bg5 h6
16.Bd2 Nb6 17.b3 Bg7 18.Bd3 Nfd7 19.Be3 d5 20.dxe5 Nxe5 21.Nxe5 Bxe5 22.Qc2 Bxg3
23.fxg3 dxe4 24.Bf1 Qf6 25.Bd4 Qe7 26.Qf2 Nd7 27.a4 bxa4 28.Rxa4 Ne5 29.Bc4 Nxc4
30.Rxc4 Bd5 31.Rc5 Bxb3 32.Qe3 Kh7 33.c4 Rad8 34.Rf1 Rxd4 35.Qxd4 e3 36.Qd5 Kg7
37.Qd4+ Kh7 38.Rd5 e2 39.Re1 Qe6 40.Kf2 Bxc4 41.Rc5 Bb5 42.Rxc7 Kg8 43.Rc5 Qe7
44.Rd5 Qe4 45.Qxe4 Rxe4 46.Rb1 Re6 47.Ke1  1/2-1/2

[Event "MTO Open"]
[Site "Biel SUI"]
[Date "2005.07.24"]
[Round "6"]
[White "Ulibin,M"]
[Black "Sriram,J"]
[Result "1/2-1/2"]
[WhiteElo "2529"]
[BlackElo "2437"]

1.e4 e5 2.Nf3 Nc6 3.Bb5 a6 4.Ba4 Nf6 5.O-O Be7 6.Re1 b5 7.Bb3 d6 8.c3 O-O
9.h3 Nb8 10.d4 Nbd7 11.Nbd2 Bb7 12.Bc2 Re8 13.Nf1 Bf8 14.Ng3 g6 15.a4 Bg7
16.Bd3 c6 17.Bg5 Nf8 18.Qd2 Ne6 19.Be3 Qc7 20.b4 Nd7 21.Bh6 Bh8 22.Bf1 Nb6
23.a5 Nd7 24.Rac1 d5 25.exd5 cxd5 26.dxe5 Nxe5 27.Nxe5 Bxe5 28.Ne2 Re7 29.Be3 Rae8
30.g3 Ng7 31.Bg2 Nf5 32.Bb6 Qd7 33.Bc5 Bd6 34.Bxd6 Nxd6 35.Nf4 Ne4 36.Qd4 Rc8
37.Red1 Rc4 38.Qd3 Qf5 39.Rc2 Rec7 40.Nxd5 Bxd5 41.Qxd5 Nxc3 42.Qxf5 gxf5
43.Rd8+ Kg7 44.Rb2 Ne4 45.Rd5 Kg6 46.h4 Rc1+ 47.Kh2 R1c2 48.Rxc2 Rxc2 49.g4 Nxf2
50.gxf5+ Kf6 51.Kg3 Ng4 52.Kxg4 Rxg2+ 53.Kf4 Rf2+ 54.Ke4 Ke7 55.Re5+ Kd6
56.Rd5+ Ke7 57.Re5+ Kd6 58.Rd5+ Ke7 59.Re5+  1/2-1/2